000 02517nam a2200253 4500
003 vecauma
005 20260415142053.0
007 ta
008 260415b ve ||||| |||| 00| 0 spa d
020 _a8432118850
040 _avecauma
_bspa
_cvecauma
_dvecauma
_erda
041 _aspa
100 1 _eautor
245 1 _aMons. Josemaría Escrivá De Balaguer
_bApuntes sobre la vida del fundador del OPUS DEI
_c/ Salvador Bernal
264 _aMadrid:
_bEdiciones Rialp, S.A.;
_c1976.
300 _a323 páginas.
336 _atexto
_btxt
_2rdacontenido
337 _ano mediado
_bn
_2rdamedio
338 _avolumen
_bnc
_2rdasoporte
505 0 _aUna familia cristiana / Vocación al sacerdocio / La fundación del OPUS DEI / Tiempo de amigos / Corazón universal / El resello de la filiación divina / Las horas de la esperanza / La libertad de los hijos de Dios / Padre de familia numerosa /
520 3 _aSalvador Bernal, Segovia. 1941 Doctor en Derecho por la Universidad de Barcelona (1968). periodista por la Escuela Oficial de Madrid (1969), profesor de la Universidad de Zaragoza (1965), colaborador de diversos periódicos y revistas españoles, director de Agencia Central de Prensa (Ace- prensa), desde 1970. El 26 de junio de 1975, al filo del mediodía, falleció en Roma el Fundador y primer Presidente General del Opus Dei. Mons. Josemaría Escrivá de Balaguer (Barbastro, 1902). Desde entonces, prensa, radio y televisión de todo el mundo han difundido rasgos de su personalidad y de su actividad incesante en servicio de la Iglesia y de las almas. Se ha acrecentado así el interés de la opinión pública por su persona, y por la Obra que fundó en Madrid el 2 de octubre de 1928. Han alcanzado ya amplísima difusión libros del Fundador del Opus Dei como Camino, Santo Rosario, Conversaciones con Mons. Escrivá de Balaguer, Es Cristo que pasa. Miles de personas han tenido, además, oportunidad de apreciar el calor humano y la riqueza espiritual de su predicación, en conversaciones directas, en Homilías editadas en muchos idiomas, en las imágenes filmadas de su catequesis por medio mundo. Al publicar estos Apuntes sobre la vida del Fundador del Opus Dei, su autor se propone tan sólo dar a conocer un poco más la gran personalidad de Mons. Escrivá de Balaguer, que gustaba de pasar inadvertido, según el lema de su vida: ocultarme y desaparecer es lo mío, que sólo Jesús se luzca.
942 1 _2lcc
_n0
_cBK
999 _c13375
_d13375